Detroit Lions Current Starters (NFL) - Statistics

General Stats
  • This quiz has been taken 201 times
  • The average score is 16 of 44
Answer Stats
POS. NAME OF PLAYER % Correct
QB Jared Goff
100%
WR Amon-Ra St. Brown
96%
RB Jahmyr Gibbs
95%
RB David Montgomery
91%
TE Sam LaPorta
85%
WR Jameson Williams
79%
DE Aidan Hutchinson
72%
WR Josh Reynolds
67%
TE Brock Wright
62%
QB Teddy Bridgewater
60%
P Jack Fox
56%
WR Donovan Peoples-Jones
49%
LB Alex Anzalone
47%
DB Brian Branch
47%
LB Jack Campbell
41%
DT Alim McNeil
40%
DB Kerby Joseph
40%
DB Brandon Joseph
37%
DT Benito Jones
36%
DB Cameron Sutton
35%
K Riley Patterson
34%
LB Malcolm Rodriguez
27%
WR Antoine Green
22%
TE James Mitchell
22%
DB Jerry Jacobs
22%
DT Isaiah Buggs
20%
LB Derrick Barnes
19%
DE John Cominsky
19%
DE Julian Okwara
18%
DE Romeo Okwara
18%
DE Charles Harris
15%
DB Will Harris
15%
DB Ifeatu Melifonwu
12%
DE Josh Pascal
12%
DT Brodric Martin
11%
LB Jalen Reeves-Maybin
11%
DB Tracy Walker
11%
LB Anthony Pittman
10%
DB Khalil Dorsey
10%
DB Steven Gilmore
9%
DB Chase Lucas
8%
DT Levi Onwuzurike
7%
LB Trevor Nowaske
5%
WR Dylan Drummond
2%
No matching quizzes found
Score Distribution
Percent of People with Each Score
Percentile by Number Answered
Your Score History
You have not taken this quiz